Profesor Miroslav Urban - ab initio

Bibliographic Details
Main Authors: Černušák, Ivan (Author), Kellö, Vladimír, 1947- (Author)
Format: Article
Language:Slovak
PhysicalDescription:Fotogr.
ISSN:1336-7242
Subjects:

MARC

LEADER 00000nab a2200000 ar4500
001 vtls009303932
003 SK-MaSNL
005 20260303052023.0
008 080616c2007 xo |||||||||||000 b|slo
015 |a SNBRB2008/06  |2 snkbucl 
038 |a SNKBUCL 
040 |a SNKBUCL  |b slo  |c SNKBUCL  |e AACR2 
041 0 |a slo 
044 |a xo  |c SK 
080 |a 544-051  |2 2001 
080 |a 37-051  |2 2001 
080 |a 929 Urban, Miroslav  |2 2001 
100 1 |a Černušák, Ivan  |4 aut  |9 330143 
245 1 0 |a Profesor Miroslav Urban - ab initio  |c Ivan Černušák, Vladimír Kellö 
300 |b Fotogr. 
600 1 7 |a Urban, Miroslav,  |d 1942-  |2 snkbucl  |9 218981 
700 1 |a Kellö, Vladimír,  |d 1947-  |4 aut  |9 114837 
773 0 |t ChemZi  |g Roč. 3, č. 2 (2007), s. 346  |x 1336-7242 
852 |a SNK  |b KIS3GCP 
958 |a SK 
958 |a BX 
999 |c 1713639  |d 1715569